Macketing Nuggets (Record no. 1974)

MARC details
000 -LEADER
fixed length control field 00403nam a22001697a 4500
005 - DATE AND TIME OF LATEST TRANSACTION
control field 20160527140243.0
008 - FIXED-LENGTH DATA ELEMENTS--GENERAL INFORMATION
fixed length control field 160527b xxu||||| |||| 00| 0 eng d
020 ## - INTERNATIONAL STANDARD BOOK NUMBER
ISBN 81-259-0538-3
041 ## - LANGUAGE CODE
Language code of text/sound track or separate title eng
082 ## - DEWEY DECIMAL CLASSIFICATION NUMBER
Item number 5554
100 ## - MAIN ENTRY--AUTHOR NAME
Personal name Kumar, S Ramesh
245 ## - TITLE STATEMENT
Title Macketing Nuggets
260 ## - PUBLICATION, DISTRIBUTION, ETC. (IMPRINT)
Place of publication New Delhi
Name of publisher Academic Faundation
Year of publication 1998
300 ## - PHYSICAL DESCRIPTION
Number of Pages 354
650 ## - SUBJECT ADDED ENTRY--TOPICAL TERM
Topical Term Management
942 ## - ADDED ENTRY ELEMENTS (KOHA)
Koha item type Books
Holdings
Lost status Damaged status Collection code Home library Current library Shelving location Date acquired Cost, normal purchase price Full call number Accession Number Koha item type
    MANAGEMENT JRU Library JRU Library SHELF- 66 G 27/05/2016 395.00 5554 5554 Books